Museo Pedagógico Experimental : fundado en mayo de 1905 : [finalidad, medios de acción] fundado en mayo de 1905 :
Descripción Física:
15 p. ; 21 cm
MARC
| LEADER | 00000nam a2200000Ia 4500 | ||
|---|---|---|---|
| 001 | 16201, 17600 | ||
| 008 | 160829s1907] xx 000 0 cat d | ||
| 080 | |a RF-14-34, 2274 | ||
| 110 | 2 | |a Museo Pedagógico Experimental (Barcelona, Catalunya) |9 56538 | |
| 245 | |a Museo Pedagógico Experimental : |b fundado en mayo de 1905 : |b [finalidad, medios de acción] | ||
| 260 | |a [Barcelona : |b Museo Pedagógico Experimental, |c 1907] | ||
| 300 | |a 15 p. ; |c 21 cm | ||
| 590 | |a Prové de 2372, exp. 9 | ||
| 650 | |a Museo Pedagógico Experimental (Barcelona) | ||
| 856 | 4 | |u https://media.diba.cat/diba/fitxers/arxiu/fulletons/bib_16201_1907_baixa.pdf |y Accés lliure | |
| 856 | 4 | |u https://media.diba.cat/diba/fitxers/arxiu/fulletons/bib_16201_1907_baixa.pdf |y Accés lliure | |
| 901 | |a Arxiu | ||
| 942 | |n 1 |2 udc | ||
| 952 | |0 0 |1 0 |4 0 |6 RF1434_2274 |7 1 |9 54538 |a Arxiu |b Arxiu |d 2016-12-01 |l 0 |o RF-14-34, 2274 |p 16201, 17600 |r 2016-12-01 00:00:00 |w 2016-12-01 |y ARXIU | ||
| 999 | |c 58407 |d 58407 | ||
| 900 | |a bib_16201_1907_baixa.pdf | ||